Karma lyrics - Statistics

General Stats
  • This quiz has been taken 120 times
  • The average score is 316 of 370
Answer Stats
Lyrics % Correct
a
99%
I
99%
you
99%
You
99%
is
97%
karma
97%
Karma
97%
my
97%
My
97%
on
97%
the
97%
And
96%
and
96%
boy,
96%
boyfriend
96%
me
96%
Me
96%
cat,
93%
god
93%
in
93%
'Cause
91%
'cause
91%
what
91%
why
91%
it
90%
It's
90%
it's
90%
lap
90%
like
90%
loves
90%
that
90%
to
90%
weekend
90%
hair
88%
know
88%
not?
87%
your
87%
but
85%
coming
85%
for
85%
mean
85%
of
85%
purring
85%
clean
84%
thought
84%
vibe
84%
acrobat
82%
back
82%
breeze
82%
just
82%
keep
82%
relaxing
82%
street
82%
wouldn't
82%
side
81%
Sweet
81%
around
79%
down
79%
down,
79%
goddamn
79%
guy
79%
You're
79%
you're
79%
all
78%
home
78%
honey,
78%
straight
78%
if
76%
Karma's
76%
from
75%
screen
75%
Spider
75%
Aren't
72%
Ask
72%
hell
72%
look
72%
shit
72%
so
72%
get
71%
gonna
71%
I'm
71%
learned
71%
see
71%
talking
71%
there
71%
those
71%
track
71%
years
71%
betrayal,
69%
Flexing
69%
justice,
69%
step
69%
step,
69%
still
69%
Addicted
68%
dare,
68%
envious
68%
here
68%
relevant
68%
town
68%
by
66%
everyone
66%
friends
66%
king
66%
queen
66%
tears
66%
terrified
66%
Don't
65%
glare
65%
made
65%
crown
63%
hunter
63%
pennies
63%
price?
63%
thunder
63%
twice
63%
bounty
62%
burned
62%
once,
62%
only
62%
you'll
62%
many
60%
takes
60%
thieves
60%
cash
59%
little
59%
summit
57%
webs
57%
ground
54%
scent
53%
Trick
53%
trick
53%
ain't
51%
opacity
50%
Weave
50%
rattling
49%
Karma's
46%
fade,
41%
No matching quizzes found
Score Distribution
Percent of People with Each Score
Percentile by Number Answered
Your Score History
You have not taken this quiz